| 000 | 00749nam a2200193 i 4500 | ||
|---|---|---|---|
| 001 | 53209 | ||
| 003 | ES-MaACL | ||
| 005 | 20230906162727.0 | ||
| 007 | t| | ||
| 008 | 950915s1856 fr |||| | fre d | ||
| 040 |
_aCAM _bspa _cCAM |
||
| 100 | 1 |
_aDu Molin, J. B. _945714 |
|
| 245 | 1 | 0 |
_aFlore poétique ancienne ou Etudes sur les plantes, les plus difficiles áa recognaître des poetes anciens, grecs et latins... / _cpar J. B. Du Molin. |
| 246 | 3 | 0 | _aEtudes sur les plantes, les plus difficiles áa recognaître des poetes anciens, grecs et latins |
| 260 |
_aParis : _bJ. B: Baillière, _c1856 ( _fimprimerie de L. Martinet) |
||
| 300 |
_a[8], 320 p. ; _c22 cm. |
||
| 650 | 4 |
_aPlantas- _xEn la literatura. _9159144 |
|
| 852 |
_aES-MaACL _jG-11914 |
||
| 999 |
_c53209 _d53209 |
||